Mechanical Systems Design Handbook (Record no. 341736)

MARC details
000 -LEADER
fixed length control field 00532nam a2200169Ia 4500
008 - FIXED-LENGTH DATA ELEMENTS--GENERAL INFORMATION
fixed length control field 230718s9999 xx 000 0 und d
020 ## - INTERNATIONAL STANDARD BOOK NUMBER
International Standard Book Number 9780849385964
041 ## - LANGUAGE CODE
Language code of text/sound track or separate title eng
082 ## - DEWEY DECIMAL CLASSIFICATION NUMBER
Classification number 620.7
Item number NWO
100 ## - MAIN ENTRY--PERSONAL NAME
Personal name Nwokah O.D.
9 (RLIN) 198741
245 ## - TITLE STATEMENT
Title Mechanical Systems Design Handbook
Remainder of title Modeling, Measurement, And Control
260 ## - PUBLICATION, DISTRIBUTION, ETC. (IMPRINT)
Date of publication, distribution, etc. 2013
Name of publisher, distributor, etc. CRC Press
300 ## - PHYSICAL DESCRIPTION
Extent 839
Accompanying material [OBSOLETE, CAN/MARC] Ref 157 M (52943)
365 ## - TRADE PRICE
Currency code Rs.
Price amount 3995.00
700 ## - ADDED ENTRY--PERSONAL NAME
Personal name Nwokah O.D. & Hurmuzlu Y.
9 (RLIN) 198742
906 ## - LOCAL DATA ELEMENT F, LDF (RLIN)
d O:0499012-Feb-2016B:SE/SI/288703-Feb-2016
c MECH
b 1278.4
Holdings
Withdrawn status Lost status Source of classification or shelving scheme Reference No Damaged status Not for loan Home library Current library Date acquired Vendor Budget Code Cost, normal purchase price Bill number Full call number Barcode Date last seen Discount Cost, replacement price Bill Date Koha item type Original Barcode
    Dewey Decimal Classification Ref 157 M (52943)   Reference Cummins College of Engineering for Women Pune Cummins College of Engineering for Women Pune 12/02/2016 Suyog Enterprises MECH 2716.60 SE/SI/2887 620.7 CCEP-BK-52943 18/07/2023 1278.4 3995.00 03/02/2016 Books 052943